Talk is chief : (Record no. 591133)

000 -LEADER
fixed length control field 03276cam a22004338i 4500
001 - CONTROL NUMBER
control field 21111636
003 - CONTROL NUMBER IDENTIFIER
control field NUST
005 - DATE AND TIME OF LATEST TRANSACTION
control field 20220825161856.0
006 - FIXED-LENGTH DATA ELEMENTS--ADDITIONAL MATERIAL CHARACTERISTICS
fixed length control field m |o d |
007 - PHYSICAL DESCRIPTION FIXED FIELD--GENERAL INFORMATION
fixed length control field cr |||||||||||
008 - FIXED-LENGTH DATA ELEMENTS--GENERAL INFORMATION
fixed length control field 190731s2019 nyu ob 001 0 eng
010 ## - LIBRARY OF CONGRESS CONTROL NUMBER
LC control number 2019980286
020 ## - INTERNATIONAL STANDARD BOOK NUMBER
International Standard Book Number 9780795352744
Qualifying information (ebook other)
020 ## - INTERNATIONAL STANDARD BOOK NUMBER
Canceled/invalid ISBN 9781948122528
038 ## - RECORD CONTENT LICENSOR
Staff Name Azhar
040 ## - CATALOGING SOURCE
Original cataloging agency DLC
Language of cataloging eng
Transcribing agency DLC
Description conventions rda
042 ## - AUTHENTICATION CODE
Authentication code pcc
050 00 - LIBRARY OF CONGRESS CALL NUMBER
Classification number HD30.3
082 00 - DEWEY DECIMAL CLASSIFICATION NUMBER
Classification number 658.45
Edition number 23
Author Mark MOD
100 1# - MAIN ENTRY--PERSONAL NAME
Personal name Modzelewski, Jack,
Relator term author.
9 (RLIN) 97683
245 10 - TITLE STATEMENT
Title Talk is chief :
Remainder of title leadership, communication, and credibility in a high-stakes world
Statement of responsibility, etc. Jack Modzelewski.
250 ## - EDITION STATEMENT
Edition statement First edition.
260 ## - PUBLICATION, DISTRIBUTION, ETC.
Place of publication, distribution, etc. New York :
Name of publisher, distributor, etc. Rosetta Books,
Date of publication, distribution, etc. 2019
263 ## - PROJECTED PUBLICATION DATE
Projected publication date 1911
300 ## - PHYSICAL DESCRIPTION
Extent 220p
336 ## - CONTENT TYPE
Content type term text
Content type code txt
Source rdacontent
337 ## - MEDIA TYPE
Media type term computer
Media type code c
Source rdamedia
338 ## - CARRIER TYPE
Carrier type term online resource
Carrier type code cr
Source rdacarrier
504 ## - BIBLIOGRAPHY, ETC. NOTE
Bibliography, etc. note Includes bibliographical references and index.
520 ## - SUMMARY, ETC.
Summary, etc. "With compelling stories and strategies, Talk is Chief inspires leaders to treat their daily communication practices as seriously as their fiscal, operational, value creation, deal making, business transformation, and other executive responsibilities. Leaders today spend up to 90 percent of each day communicating to make good things happen in their organizations. They communicate with colleagues, customers, shareowners, creditors, regulators, advocates, and competitors. They influence culture, opportunity, risk-taking, and risk aversion. Jack Modzelewski's thirty-five years of experience working with many Fortune 500 companies as a communications consultant suggests that too many leaders undervalue and therefore underperform their vital communication responsibilities. They do so at their own disadvantage and sometimes peril in this age of heightened activism, transparency, disruption, disinformation, and crisis. Whether they recognize it or not, leaders are chief credibility officers, with organizational reputation often resting on their words and actions, especially in times of crisis. Talk is Chief provides sound advice, examples, and even a "10 Commandments of Crisis Management," so that leaders can either avoid crises or avert worst-case scenarios when an existential threat confronts them. Leadership communication today--the ability for leaders to be heard and clearly understood above the constant noise of the complicated worlds in which they must lead or govern--is of the highest importance. The stakes in this new communication environment are high and it's proven that effective leadership communication inspires people to perform collectively better, leading to better outcomes. Which is why Talk is Chief is a must-read for 21st century leaders"--
Assigning source Provided by publisher.
588 ## - SOURCE OF DESCRIPTION NOTE
Source of description note Description based on print version record and CIP data provided by publisher; resource not viewed.
650 #0 - SUBJECT ADDED ENTRY--TOPICAL TERM
Topical term or geographic name entry element Communication in management.
650 #0 - SUBJECT ADDED ENTRY--TOPICAL TERM
Topical term or geographic name entry element Communication in organizations.
650 #0 - SUBJECT ADDED ENTRY--TOPICAL TERM
Topical term or geographic name entry element Leadership.
776 08 - ADDITIONAL PHYSICAL FORM ENTRY
Relationship information Print version:
Main entry heading Modzelewski, Jack.
Title Talk is chief
Edition First edition.
Place, publisher, and date of publication New York : Rosetta Books, [2019]
International Standard Book Number 9781948122528
Record control number (DLC) 2019020414
906 ## - LOCAL DATA ELEMENT F, LDF (RLIN)
a 7
b cbc
c orignew
d 1
e ecip
f 20
g y-gencatlg
942 ## - ADDED ENTRY ELEMENTS (KOHA)
Source of classification or shelving scheme
Koha item type Lincoln Corner
Holdings
Withdrawn status Lost status Source of classification or shelving scheme Damaged status Not for loan Permanent Location Current Location Shelving location Date acquired Full call number Barcode Date last seen Price effective from Koha item type
          Central Library (CL) Central Library (CL) Lincoln Corner 08/17/2022 658.45 MOD LC-357 08/17/2022 08/17/2022 Reference
© 2023 Central Library, National University of Sciences and Technology. All Rights Reserved.